000 01539cam a2200133 4500500
005 20260405085605.0
041 _afre
042 _adc
100 1 0 _aVaillant, Alain
_eauthor
245 0 0 _aL'histoire littéraire
260 _bArmand Colin,
_c2023.
520 _aL'histoire littéraire est en plein renouveau. Cet ouvrage en offre la première synthèse générale. Il se confronte aux grandes notions que rencontre toute théorie littéraire (la littérarité, l'auteur, le genre, le lecteur, la mimésis, etc.) et présente les voies les plus récentes de la recherche. Il est aussi un essai d'interprétation original, dont l'orientation est résolument pluridisciplinaire. Considérant la littérature comme un système culturel parmi d'autres, l'histoire littéraire entre en résonance avec l'anthropologie et la sociologie ; se définissant elle-même comme histoire de la communication littéraire, elle croise l'histoire culturelle et la médiologie ; visant à édifier une poétique historique des formes littéraires, elle porte la même attention aux inventions et aux pratiques esthétiques que l'histoire de l'art. Au fil des chapitres, l'ouvrage esquisse enfin une interprétation historique globale des grandes phases de la littérature française et, de façon plus précise, des bouleversements majeurs (esthétiques et institutionnels) qu'elle a connus de la Révolution jusqu'au XXIe siècle.
856 4 1 _uhttps://shs.cairn.info/l-histoire-litteraire--9782200635404?lang=fr&redirect-ssocas=7080
999 _c2198785
_d2198785